00269nam a2200085 4500100002200000245010900022260002800131300000700159650001700166 aNayanathara,R.M.O aCharacteristics Influenced by Post Modification of tea waste Biochars Pyrolyzed at Different Temprayures aRajagiriyabIcemcc2017 a34 aDissertation